Éloge de l'autorité : Généalogie d'une (dé)raison politique (notice n° 1670460)

détails MARC
000 -LEADER
fixed length control field 01711cam a2200133 4500500
005 - DATE AND TIME OF LATEST TRANSACTION
control field 20260222035248.0
041 ## - LANGUAGE CODE
Language code of text/sound track or separate title fre
042 ## - AUTHENTICATION CODE
Authentication code dc
100 10 - MAIN ENTRY--PERSONAL NAME
Personal name Damien, Robert
Relator term author
245 00 - TITLE STATEMENT
Title Éloge de l'autorité : Généalogie d'une (dé)raison politique
260 ## - PUBLICATION, DISTRIBUTION, ETC.
Name of publisher, distributor, etc. Armand Colin,<br/>
Date of publication, distribution, etc. 2013.<br/>
520 ## - SUMMARY, ETC.
Summary, etc. Comment s’exerce l’autorité&amp;#8239;? Nous osons poser des questions incorrectes, philosophiquement dangereuses, politiquement inquiétantes. Pourquoi obéir et à qui&amp;#8239;? De quel droit et au nom de quoi, quelqu’un peut-il commander à un autre et l’obliger à accomplir ce qu’il ne veut pas nécessairement accomplir de son plein gré&amp;#8239;? Nous souhaitons affronter le problème de l’autorité par le biais plus radical d’une interrogation iconoclaste et mortifiante à la fois: pourquoi y a-t-il des chefs&amp;#8239;?La philosophie, au travers de plusieurs matrices de croissance, de confiance, de croyance, en a conçu la raison politique, analysé l’effectivité, critiqué les fâcheuses déviations, pour fonder l’augmentation légitime des êtres humains et féconder leur puissance commune pour atteindre le meilleur. Mais elle a aussi, à l’inverse, participé à la pathologie du chef adulé et divinisé d’une déraison politique. Elle a elle-même été coupable d’une fascination dégradante, entretenant la flamme qui la brûlera. Malheur au peuple qui a besoin… de chefs. Reste à savoir s’il peut s’en passer et lesquels il lui faut, comment les former, comment les remplacer et les contrôler démocratiquement&amp;#8239;?
856 41 - ELECTRONIC LOCATION AND ACCESS
Uniform Resource Identifier <a href="https://shs.cairn.info/eloge-de-lautorite--9782200271879?lang=fr&redirect-ssocas=7080">https://shs.cairn.info/eloge-de-lautorite--9782200271879?lang=fr&redirect-ssocas=7080</a>

Pas d'exemplaire disponible.

PLUDOC

PLUDOC est la plateforme unique et centralisée de gestion des bibliothèques physiques et numériques de Guinée administré par le CEDUST. Elle est la plus grande base de données de ressources documentaires pour les Étudiants, Enseignants chercheurs et Chercheurs de Guinée.

Adresse

627 919 101/664 919 101

25 boulevard du commerce
Kaloum, Conakry, Guinée

Réseaux sociaux

Powered by Netsen Group @ 2025